[Event "Championnat de France des Jeunes - Pous"]
[Site "LA ROCHE SUR YON"]
[Date "2008.04.27"]
[Round "9.1"]
[White "Bellahcene, Bilel"]
[Black "Msellek, Ilyass"]
[Result "0-1"]
[WhiteElo "1685"]
[BlackElo "1829"]
[Annotator "Salaun,Michel"]
[PlyCount "118"]
[EventDate "2008.04.25"]
[EventType "swiss"]
[EventRounds "5"]
[EventCountry "FRA"]

1. e4 c5 2. Nf3 Nc6 3. Nc3 e5 4. Bc4 d6 5. d3 Be7 6. O-O Nf6 7. Ng5 O-O 8. f4
exf4 9. Bxf4 h6 10. Nf3 Be6 11. Bd5 Bxd5 12. Nxd5 Nxd5 13. exd5 Nb4 14. c4 Bf6
15. a3 Na6 16. Qd2 Nc7 17. d4 b6 18. Rac1 a5 19. h3 Na6 20. Rfe1 cxd4 21. Nxd4
Bxd4+ 22. Qxd4 Nc5 23. Rc3 f5 24. Bxh6 Qf6 25. Qxf6 Rxf6 26. Be3 Re8 27. Rf1
Ne4 28. Rb3 g5 29. Bd4 Rf7 30. Rxb6 Nd2 31. Rc1 Re4 32. Bc3 Nxc4 33. Rc6 Rb7
34. Rc8+ Kf7 35. Rf1 f4 36. Rh8 Rb3 37. Rh7+ Ke8 38. Rc1 Re7 39. Rh8+ Kf7 40.
Rh7+ Ke8 41. Rxe7+ Kxe7 42. Rc2 Kf7 43. Kf2 Kg6 44. Kf3 Kf5 45. Re2 Nxb2 46.
Rxb2 Rxc3+ 47. Kf2 Rxa3 48. Rb5 Ke4 49. Ke2 Ra2+ 50. Kf1 a4 51. Ra5 Ke3 52. Kg1
f3 53. gxf3 Kxf3 54. Ra6 a3 55. Rxd6 Rd2 56. Ra6 a2 57. Ra3+ Ke4 58. d6 Rd1+
59. Kf2 a1=Q 0-1

[Event "Championnat de France des Jeunes - Pous"]
[Site "LA ROCHE SUR YON"]
[Date "2008.04.23"]
[Round "1.1"]
[White "Msellek, Ilyass"]
[Black "Meunier, Clement"]
[Result "1-0"]
[WhiteElo "1829"]
[BlackElo "1430"]
[Annotator "Salaun,Michel"]
[PlyCount "105"]
[EventDate "2008.04.25"]
[EventType "swiss"]
[EventRounds "5"]
[EventCountry "FRA"]

1. e4 d5 2. exd5 Qxd5 3. Nc3 Qa5 4. d4 Nf6 5. Nf3 Bf5 6. Bc4 e6 7. Bd2 c6 8.
Qe2 Bd6 9. O-O-O O-O 10. Ne5 Nbd7 11. Nxd7 Nxd7 12. g4 Bg6 13. Kb1 b5 14. Bd3
Bxd3 15. Qxd3 Qc7 16. Ne4 a5 17. Nxd6 Qxd6 18. f4 Nf6 19. f5 Nxg4 20. Qf3 Nf6
21. Rhg1 exf5 22. Qxf5 g6 23. Bg5 Nh5 24. Qh3 Rfe8 25. Bh6 Nf4 26. Qg3 Re4 27.
Rgf1 Rxd4 28. Rxd4 Qxd4 29. Bxf4 Qc4 30. Qf3 Ra7 31. Be5 Re7 32. Bf6 Re3 33.
Rd1 Re8 34. Bd4 c5 35. Be3 f5 36. h4 Rc8 37. Qb7 Re8 38. Bh6 Qf7 39. Qxb5 f4
40. Bxf4 Re4 41. Bc1 Rxh4 42. b3 a4 43. Bb2 Qf8 44. Qd7 Qf7 45. Qd8+ (45. Qc8+
Qf8 46. Qe6+ Qf7 47. Rd8#) 45... Qf8 46. Qxh4 Qf5 47. Rd8+ Kf7 48. Qc4+ (48.
Qxh7+ Ke6 49. Qd7#) 48... Ke7 49. Qg8 Qf1+ 50. Bc1 Qb5 51. Qf8+ (51. Bg5#)
51... Ke6 52. Rd6+ Ke5 53. Qf4# 1-0

[Event "Championnat de France des Jeunes - Pous"]
[Site "LA ROCHE SUR YON"]
[Date "2008.04.23"]
[Round "1.4"]
[White "Andreyuk, Alexandre"]
[Black "Boudia, Samy"]
[Result "0-1"]
[WhiteElo "1410"]
[BlackElo "1690"]
[Annotator "Salaun,Michel"]
[PlyCount "100"]
[EventDate "2008.04.25"]
[EventType "swiss"]
[EventRounds "5"]
[EventCountry "FRA"]

1. e4 d6 2. d4 Nf6 3. Nc3 g6 4. f4 Bg7 5. Nf3 O-O 6. Be3 Nbd7 7. Qd2 Rb8 8. h3
Nh5 9. g4 Ng3 10. Rg1 Nxf1 11. Rxf1 b5 12. h4 b4 13. Nd5 a5 14. f5 c6 15. Nf4
Nf6 16. e5 Nxg4 17. exd6 Nxe3 18. Qxe3 exd6 19. fxg6 Re8 20. gxf7+ Kxf7 21.
Ng5+ Kg8 22. Nge6 Qxh4+ 23. Kd1 Bxe6 24. Nxe6 Qg4+ 25. Kd2 Qxe6 26. Qxe6+ Rxe6
27. Rae1 Rbe8 28. Rxe6 Rxe6 29. Kd3 Rf6 30. Re1 Kf7 31. Rh1 h6 32. Kc4 Rf2 33.
Rc1 Bf8 34. d5 Rf4+ 35. Kb3 cxd5 36. Ka4 Ke6 37. Re1+ Re4 38. Rd1 d4 39. Kxa5
d5 40. Ka4 Ke5 41. a3 bxa3 42. bxa3 Re3 43. Ra1 Bxa3 44. Rh1 Bc5 45. Rh5+ Ke4
46. Rxh6 Kf3 47. Rh5 Ke4 48. Rh7 Ke5 49. Rh5+ Kd6 50. Rh1 Re7 {Suite illisible.
} 0-1

[Event "Championnat de France des Jeunes - Pous"]
[Site "LA ROCHE SUR YON"]
[Date "2008.04.23"]
[Round "1.2"]
[White "Blanchard, Maxime"]
[Black "Delpierre, Elie"]
[Result "0-1"]
[WhiteElo "1420"]
[BlackElo "1750"]
[Annotator "Salaun,Michel"]
[PlyCount "60"]
[EventDate "2008.04.25"]
[EventType "swiss"]
[EventRounds "5"]
[EventCountry "FRA"]

1. e4 e6 2. d4 d5 3. Nd2 Nf6 4. e5 Nfd7 5. Ngf3 c5 6. Be2 Nc6 7. dxc5 Bxc5 8.
O-O O-O 9. Bb5 Ndxe5 10. Bxc6 Nxc6 11. Nb3 Bb6 12. Nbd4 Nxd4 13. Nxd4 Qf6 14.
Be3 e5 15. Nb5 d4 16. Bd2 a6 17. Na3 Bf5 18. Bb4 Rfc8 19. b3 Qg6 20. g3 Bxc2
21. Nxc2 Qxc2 22. Qxc2 Rxc2 23. Rfc1 Rac8 24. Rxc2 Rxc2 25. Bd6 d3 26. Bxe5
Bxf2+ 27. Kf1 d2 28. a3 Rc1+ 29. Rxc1 dxc1=Q+ 30. Kxf2 Qxa3 0-1

[Event "Championnat de France des Jeunes - Pous"]
[Site "LA ROCHE SUR YON"]
[Date "2008.04.23"]
[Round "1.3"]
[White "Devoille, Hugo"]
[Black "Pigeat, Alexandre"]
[Result "1-0"]
[WhiteElo "1741"]
[BlackElo "1420"]
[Annotator "Salaun,Michel"]
[PlyCount "41"]
[EventDate "2008.04.25"]
[EventType "swiss"]
[EventRounds "5"]
[EventCountry "FRA"]

1. e4 e6 2. d4 d5 3. Nd2 Nf6 4. e5 Nfd7 5. Bd3 c5 6. c3 Nc6 7. Ne2 Qb6 8. Nf3
cxd4 9. cxd4 Bb4+ 10. Bd2 O-O 11. O-O Bxd2 12. Qxd2 Qb4 13. Qc2 Nb6 14. Bxh7+
Kh8 15. Bd3 Bd7 16. a3 Qa4 17. b3 Qa5 18. Qc1 Rac8 19. Qg5 g6 20. Qh6+ Kg8 21.
Ng5 1-0

[Event "Championnat de France des Jeunes - Pous"]
[Site "LA ROCHE SUR YON"]
[Date "2008.04.23"]
[Round "1.7"]
[White "Marie, Florian"]
[Black "Senebier, Hugo"]
[Result "1-0"]
[WhiteElo "1660"]
[BlackElo "1410"]
[Annotator "Salaun,Michel"]
[PlyCount "107"]
[EventDate "2008.04.25"]
[EventType "swiss"]
[EventRounds "5"]
[EventCountry "FRA"]

1. d4 e6 2. c4 d5 3. Nc3 Nf6 4. Bf4 Bb4 5. e3 Nc6 6. Bd3 Bxc3+ 7. bxc3 Bd7 8.
Nf3 O-O 9. O-O Na5 10. c5 b6 11. cxb6 axb6 12. Qc2 Nc4 13. Bxc4 dxc4 14. Ne5 b5
15. f3 Nh5 16. Bg3 Nxg3 17. hxg3 f6 18. Nxd7 Qxd7 19. Kf2 f5 20. Rh1 Rf6 21.
Ke2 h6 22. Kf2 Re8 23. Rad1 c6 24. a4 Qc7 25. axb5 cxb5 26. Rb1 Qb6 27. Qb2 Rb8
28. d5 e5 29. Qb4 Qd6 30. Qxd6 Rxd6 31. e4 fxe4 32. fxe4 Kf7 33. Ke3 Kg6 34.
Rhf1 Kg5 35. Rf5+ Kg4 36. Rxe5 Kxg3 37. Rb2 g5 38. Kd4 Kf4 39. Rf5+ Kg4 40. Kc5
Rdd8 41. Rxb5 Rxb5+ 42. Kxb5 Re8 43. Rf6 h5 44. d6 h4 45. d7 Rd8 46. Kc6 h3 47.
gxh3+ Kxh3 48. Kc7 Rxd7+ 49. Kxd7 g4 50. Rg6 g3 51. e5 g2 52. e6 Kh2 53. Rxg2+
Kxg2 54. e7 1-0

[Event "Championnat de France des Jeunes - Pous"]
[Site "LA ROCHE SUR YON"]
[Date "2008.04.23"]
[Round "2.4"]
[White "Boudia, Samy"]
[Black "Fruchard, Cyrille"]
[Result "1-0"]
[WhiteElo "1690"]
[BlackElo "1530"]
[Annotator "Salaun,Michel"]
[PlyCount "45"]
[EventDate "2008.04.25"]
[EventType "swiss"]
[EventRounds "5"]
[EventCountry "FRA"]

1. d4 d5 2. c4 e6 3. cxd5 exd5 4. a3 Nc6 5. Nc3 h6 6. Nf3 Nf6 7. e3 a6 8. Bd3
Bd6 9. O-O O-O 10. Nd2 Be6 11. f4 Bg4 12. Qc2 Bd7 13. Nf3 Qe7 14. Ne5 Rad8 15.
Rf3 Rfe8 16. h3 h5 17. Qe2 g6 18. Rg3 Kh7 19. Nxd5 $1 Qe6 20. Nxf6+ Qxf6 21.
Qxh5+ Kg7 22. Nxg6 Kg8 23. Qh6 1-0

[Event "Championnat de France des Jeunes - Pous"]
[Site "LA ROCHE SUR YON"]
[Date "2008.04.23"]
[Round "1.8"]
[White "Turc, Etienne"]
[Black "Grezels, Florian"]
[Result "0-1"]
[WhiteElo "1410"]
[BlackElo "1650"]
[Annotator "Salaun,Michel"]
[PlyCount "66"]
[EventDate "2008.04.25"]
[EventType "swiss"]
[EventRounds "5"]
[EventCountry "FRA"]

1. e4 e5 2. Nf3 Nc6 3. Bc4 Bc5 4. Nc3 d6 5. d3 h6 6. h3 Be6 7. Be3 Bb6 8. Qd2
Bxc4 9. dxc4 Nf6 10. Nd5 Nxe4 11. Qd3 Nf6 12. Bxb6 axb6 13. O-O O-O 14. Rfe1
Nxd5 15. cxd5 Nb4 16. Qb3 Na6 17. Qc4 Qd7 18. Nh4 c6 19. dxc6 bxc6 20. Qe4 Rfe8
21. Nf5 Re6 22. Qg4 g5 23. Nxh6+ Kh7 24. Nf5 Rg6 25. Qh5+ Kg8 26. Nh6+ Kf8 27.
Ng4 Ke7 28. Rad1 Qf5 29. f3 Rag8 30. Nh6 Rxh6 31. Qxh6 f6 32. g4 Qg6 33. Qxg6
Rxg6 0-1

[Event "Championnat de France des Jeunes - Pous"]
[Site "LA ROCHE SUR YON"]
[Date "2008.04.23"]
[Round "1.5"]
[White "Rey, Gaetan"]
[Black "Dubocage, Thibaut"]
[Result "1-0"]
[WhiteElo "1690"]
[BlackElo "1410"]
[Annotator "Salaun,Michel"]
[PlyCount "75"]
[EventDate "2008.04.25"]
[EventType "swiss"]
[EventRounds "5"]
[EventCountry "FRA"]

1. e4 e6 2. d4 d5 3. exd5 exd5 4. c4 c6 5. Nc3 Bd6 6. cxd5 cxd5 7. Nxd5 f5 8.
Nc3 Nf6 9. Nf3 O-O 10. Bc4+ Kh8 11. O-O Bd7 12. Be3 Be8 13. Qb3 b6 14. Rac1
Nbd7 15. Ng5 Qe7 16. Ne6 Ng4 17. Nxf8 Nxf8 (17... Bxh2+) 18. Nd5 Bxh2+ 19. Kh1
Qh4 20. Rfd1 Bg3+ 21. Kg1 Qh2+ (21... Bxf2+) 22. Kf1 Qh1+ 23. Ke2 Qxg2 24. Rg1
Qh2 25. Rxg3 Nxf2 26. Bxf2 Bh5+ 27. Ke1 Qh1+ 28. Bf1 Re8+ 29. Ne3 Qe4 30. Qd3
Qe6 31. d5 Qe5 32. Qc3 Qe7 33. d6 Qf7 34. Bc4 Qd7 35. Bb5 Qe7 36. Bxe8 Qb7 37.
d7 Nxd7 38. Qxg7# 1-0

[Event "Championnat de France des Jeunes - Pous"]
[Site "LA ROCHE SUR YON"]
[Date "2008.04.23"]
[Round "1.9"]
[White "Froment, Theophile"]
[Black "Guerlach, Keigo"]
[Result "1-0"]
[WhiteElo "1645"]
[BlackElo "1400"]
[Annotator "Salaun,Michel"]
[PlyCount "119"]
[EventDate "2008.04.25"]
[EventType "swiss"]
[EventRounds "5"]
[EventCountry "FRA"]

1. e4 e5 2. Nf3 Nf6 3. Nxe5 d6 4. Nf3 Nxe4 5. d4 d5 6. Bd3 Nf6 7. O-O Be7 8.
Bf4 Nc6 9. c3 O-O 10. Re1 Bd6 11. Bxd6 Qxd6 12. Nbd2 Bg4 13. h3 Bh5 14. Nf1
Rae8 15. Ng3 Rxe1+ 16. Qxe1 Bxf3 17. gxf3 Re8 18. Qd2 Qe6 19. Kg2 h6 20. Bf5
Qe7 21. Kf1 Kf8 22. Re1 Qxe1+ 23. Qxe1 Rxe1+ 24. Kxe1 Ke7 25. Kd2 g6 26. Bd3
Kd6 27. Ke3 Na5 28. b4 Nc4+ 29. Bxc4 dxc4 30. a4 a6 31. Ne4+ Nxe4 32. fxe4 f6
33. f4 b6 34. h4 c5 35. bxc5+ bxc5 36. d5 g5 37. fxg5 fxg5 38. hxg5 hxg5 39.
Kf3 Ke5 40. Kg4 Kxe4 41. d6 Kd3 42. d7 Kxc3 43. d8=Q Kc2 44. Qxg5 c3 45. Qxc5
Kb2 46. Qb4+ Kc2 47. Kf3 a5 48. Qxa5 Kb3 49. Qb5+ Ka3 50. Qb1 Kxa4 51. Qc2+ Kb5
52. Qxc3 Ka4 53. Qb2 Ka5 54. Qb3 Ka6 55. Qb4 Ka7 56. Qb5 Ka8 57. Ke4 Ka7 58.
Kd5 Ka8 59. Kc6 Ka7 60. Qb7# 1-0

[Event "Championnat de France des Jeunes - Pous"]
[Site "LA ROCHE SUR YON"]
[Date "2008.04.23"]
[Round "1.6"]
[White "Nouze, Jeremy"]
[Black "Bellahcene, Bilel"]
[Result "0-1"]
[WhiteElo "1410"]
[BlackElo "1685"]
[Annotator "Salaun,Michel"]
[PlyCount "114"]
[EventDate "2008.04.25"]
[EventType "swiss"]
[EventRounds "5"]
[EventCountry "FRA"]

1. e4 c5 2. Nc3 Nc6 3. Bc4 g6 4. d3 Bg7 5. Nf3 d6 6. Bg5 Nf6 7. O-O Bg4 8. Qe2
Nd4 9. Qd1 O-O 10. Re1 h6 11. Bh4 g5 12. Bg3 Nh5 13. Re3 Qd7 14. Nd5 e6 15. Nc3
b5 16. Bxb5 Nxb5 17. Nxb5 Qxb5 18. Bxd6 Rfd8 19. Bg3 Nxg3 20. hxg3 Bxf3 21.
Rxf3 Rab8 22. Rb1 Qa5 23. a3 Rxb2 24. Qc1 Qxa3 25. d4 Rxb1 26. Qxb1 Qb4 27. Qc1
cxd4 28. Qd1 a5 29. Rb3 Qd6 30. Qa1 d3 31. Qd1 d2 32. Rd3 Qxd3 33. cxd3 Rxd3
34. Kf1 a4 35. Ke2 a3 36. Kxd3 a2 37. Qxd2 a1=Q 38. Ke3 Qc3+ 39. Qxc3 Bxc3 40.
Kd3 Ba5 41. g4 Kg7 42. f3 Kf6 43. Ke3 Ke5 44. Kf2 f5 45. exf5 exf5 46. gxf5
Kxf5 47. Kg3 h5 48. Kh2 g4 49. fxg4+ hxg4 50. Kg1 Kf4 51. Kf2 Bb6+ 52. Kf1 Kg3
53. Ke2 Kxg2 54. Kd3 g3 55. Ke4 Kf2 56. Kf4 g2 57. Kg4 g1=Q+ 0-1

[Event "Championnat de France des Jeunes - Pous"]
[Site "LA ROCHE SUR YON"]
[Date "2008.04.23"]
[Round "2.5"]
[White "Leinenweber, Eliott"]
[Black "Rey, Gaetan"]
[Result "1-0"]
[WhiteElo "1500"]
[BlackElo "1690"]
[Annotator "Salaun,Michel"]
[PlyCount "59"]
[EventDate "2008.04.25"]
[EventType "swiss"]
[EventRounds "5"]
[EventCountry "FRA"]

1. e4 c5 2. c3 Nf6 3. e5 Nd5 4. d4 e6 5. Nf3 Nc6 6. Be2 d6 7. exd6 Bxd6 8. Nbd2
cxd4 9. cxd4 Qb6 10. Nc4 Qd8 11. Nxd6+ Qxd6 12. O-O O-O 13. Bd2 Nf6 14. Bg5 Nd7
15. Qd2 Nb6 16. Bf4 Qe7 17. Qd3 Rd8 18. Qc3 Nd5 19. Qd2 Nxf4 20. Qxf4 Qb4 21.
Ne5 Nxe5 22. Qxe5 Qxd4 23. Rad1 Qb6 24. Rxd8+ Qxd8 25. Rd1 Qe8 26. Qc7 Bd7 27.
Rxd7 Rc8 28. Re7 Qxe7 29. Qxe7 Rc1+ 30. Bf1 1-0

[Event "Championnat de France des Jeunes - Pous"]
[Site "LA ROCHE SUR YON"]
[Date "2008.04.23"]
[Round "1.10"]
[White "Bavinckhove, Myrial"]
[Black "Rambaldi, Francesco"]
[Result "0-1"]
[WhiteElo "1390"]
[BlackElo "1640"]
[Annotator "Salaun,Michel"]
[PlyCount "76"]
[EventDate "2008.04.25"]
[EventType "swiss"]
[EventRounds "5"]
[EventCountry "FRA"]

1. e4 c6 2. d4 d5 3. e5 Bf5 4. Bd3 Bxd3 5. Qxd3 e6 6. Nf3 Nd7 7. O-O c5 8. c3
cxd4 9. cxd4 Rc8 10. Nc3 Nb6 11. Qb5+ Qd7 12. Qxd7+ Kxd7 13. Ng5 Nh6 14. Nb5 a6
15. Nc3 f6 16. Nf3 Nf7 17. Be3 Nc4 18. b3 Nxe3 19. fxe3 Rxc3 20. Rfe1 fxe5 21.
Nxe5+ Nxe5 22. dxe5 Bc5 23. Rac1 Rxc1 24. Rxc1 Bxe3+ 25. Kf1 Bxc1 26. Ke2 Bf4
27. Kf3 Bxe5 28. h4 Rf8+ 29. Kg4 d4 30. Kg5 d3 31. h5 d2 32. h6 d1=Q 33. hxg7
Bxg7 34. g4 Bh6+ 35. Kh4 Rf4 36. Kh3 Qxg4+ 37. Kh2 Rf2+ 38. Kh1 Qg2# 0-1

[Event "Championnat de France des Jeunes - Pous"]
[Site "LA ROCHE SUR YON"]
[Date "2008.04.23"]
[Round "2.2"]
[White "Delpierre, Elie"]
[Black "Genzling, Jerome"]
[Result "1/2-1/2"]
[WhiteElo "1750"]
[BlackElo "1540"]
[Annotator "Salaun,Michel"]
[PlyCount "118"]
[EventDate "2008.04.25"]
[EventType "swiss"]
[EventRounds "5"]
[EventCountry "FRA"]

1. d4 d5 2. c4 e6 3. Nc3 Nf6 4. Nf3 Bb4 5. Bg5 O-O 6. e3 c5 7. Be2 Nbd7 8. O-O
Nb6 9. cxd5 exd5 10. a3 Bxc3 11. bxc3 cxd4 12. Nxd4 Qd6 13. Bf4 Qc5 14. Nb5 Ne8
15. Qc2 Bd7 16. Nd4 Nf6 17. Bd3 Ne4 18. Bxe4 dxe4 19. Qxe4 Qxc3 20. Qxb7 Qd3
21. Rfd1 Qg6 22. Qf3 Nc4 23. Qg3 Qf6 24. h4 Ba4 25. Rdb1 Nd2 {(=)} 26. Be5 Qg6
27. Qxg6 hxg6 28. Rb4 Bd7 29. Rd1 Ne4 30. Rc1 Rac8 31. Rbc4 Nd2 32. Rxc8 Rxc8
33. Rxc8+ Bxc8 34. Nc6 Bd7 35. Nxa7 Nb1 36. Bd6 Kh7 37. Kf1 Kh6 38. Ke1 Kh5 39.
g3 Kg4 {(=)} 40. Ke2 f5 41. f3+ Kh3 42. e4 Kh2 43. exf5 gxf5 44. h5 Be8 45. g4+
f4 46. Bxf4+ Kh3 47. h6 gxh6 48. Bxh6 Nxa3 49. g5 Kh4 50. f4 Nc4 51. Nc8 Kh5
52. Ne7 Nd6 53. Ng8 Bf7 54. Nf6+ Kg6 55. Kd3 Nf5 56. Ng4 Be6 57. Ne5+ Kh5 58.
Bf8 Nh4 59. Kd4 Bf5 1/2-1/2

[Event "Championnat de France des Jeunes - Pous"]
[Site "LA ROCHE SUR YON"]
[Date "2008.04.23"]
[Round "2.1"]
[White "Guedon, Sosthene"]
[Black "Msellek, Ilyass"]
[Result "1/2-1/2"]
[WhiteElo "1539"]
[BlackElo "1829"]
[Annotator "Salaun,Michel"]
[PlyCount "125"]
[EventDate "2008.04.25"]
[EventType "swiss"]
[EventRounds "5"]
[EventCountry "FRA"]

1. e4 c5 2. Nf3 Nc6 3. d4 cxd4 4. Nxd4 e5 5. Nb5 d6 6. N1c3 a6 7. Na3 b5 8. Nd5
Nge7 9. c3 Nxd5 10. exd5 Na5 11. Nc2 Be7 12. a4 bxa4 13. Rxa4 Bd7 14. Ra1 O-O
15. Bd3 Bb5 16. Be3 f5 17. f3 Nb7 18. O-O Bxd3 19. Qxd3 Bg5 20. Qd2 Bxe3+ 21.
Qxe3 f4 22. Qe2 Nc5 23. Nb4 Qb6 24. Ra3 Nd3+ 25. Kh1 Nxb4 26. cxb4 Qxb4 27.
Rxa6 Rac8 28. h3 Rf7 29. Rfa1 Qc5 30. R6a5 Qb4 31. R5a4 Qb3 32. Qd2 Rfc7 33.
Ra8 Rc5 34. Rxc8+ Rxc8 35. Ra6 Qb5 36. Ra1 Rb8 37. Rb1 Kf7 38. Kh2 Rc8 39. Ra1
Rb8 40. Rb1 g5 41. Qc2 Kg7 42. Kg1 (42. Qc7+) 42... Qb6+ 43. Kh1 Rb7 44. Qf5 h6
45. Qd3 Rc7 46. Kh2 Ra7 47. Kh1 Ra4 48. Kh2 Rb4 49. Qc2 Qb7 50. Qd2 Rd4 51. Qc2
Rxd5 52. Ra1 Rb5 53. Rb1 d5 54. Qe2 Kf6 55. Qd2 Qb6 56. Qc2 Qc5 57. Qd2 Qb4 58.
Qc2 Qc4 59. Qd2 Qb3 60. Qc1 Qc4 61. Qd2 e4 62. fxe4 Qxe4 63. Qc3+ 1/2-1/2

[Event "Championnat de France des Jeunes - Pous"]
[Site "LA ROCHE SUR YON"]
[Date "2008.04.23"]
[Round "2.3"]
[White "Baudry, Emilien"]
[Black "Devoille, Hugo"]
[Result "0-1"]
[WhiteElo "1524"]
[BlackElo "1741"]
[Annotator "Salaun,Michel"]
[PlyCount "68"]
[EventDate "2008.04.25"]
[EventType "swiss"]
[EventRounds "5"]
[EventCountry "FRA"]

1. d4 Nf6 2. Nf3 g6 3. e3 Bg7 4. Bd3 O-O 5. Nbd2 d6 6. Nb3 Nbd7 7. Bd2 e5 8.
dxe5 dxe5 9. e4 Qe8 10. c3 Kh8 11. Qe2 b6 12. O-O-O a5 13. Rdg1 a4 14. Na1 Nc5
15. Bc2 Bb7 16. g4 Nfxe4 17. h4 Nxd2 18. Kxd2 e4 19. Ng5 e3+ 20. fxe3 Bxh1 21.
Rxh1 Bh6 22. Nxh7 Kxh7 23. g5 Bxg5 24. hxg5+ Kg7 25. Qh2 Rh8 26. Qg2 Rxh1 27.
Qxh1 Qh8 28. Qf3 Qh2+ 29. Kc1 Re8 30. Qf6+ Kg8 31. Qc6 Qg1+ 32. Bd1 Rd8 33. Qf3
Nd3+ 34. Kb1 Nf2 0-1

[Event "Championnat de France des Jeunes - Pous"]
[Site "LA ROCHE SUR YON"]
[Date "2008.04.23"]
[Round "2.7"]
[White "Steyer-Striby, Alexis"]
[Black "Marie, Florian"]
[Result "0-1"]
[WhiteElo "1490"]
[BlackElo "1660"]
[Annotator "Salaun,Michel"]
[PlyCount "112"]
[EventDate "2008.04.25"]
[EventType "swiss"]
[EventRounds "5"]
[EventCountry "FRA"]

1. Nf3 d5 2. g3 c5 3. Bg2 Nf6 4. O-O e6 5. d4 Nc6 6. Bf4 Bd6 7. Bxd6 Qxd6 8.
Nc3 O-O 9. Nb5 Qe7 10. dxc5 Qxc5 11. Nbd4 Qe7 12. Nxc6 bxc6 13. Rc1 Ba6 14. Re1
Rab8 15. b3 Rfc8 16. Qd4 c5 17. Qa4 Bb5 18. Qa3 Rb6 19. c3 Ra6 20. Qb2 c4 21.
Nd4 Rb6 22. Nxb5 Rxb5 23. b4 Rb6 24. a3 Nd7 25. e4 Nc5 26. Qc2 Nd3 27. exd5
Nxc1 28. Qxc1 Qf6 29. dxe6 Rxe6 30. Bh3 Rxe1+ 31. Qxe1 Rd8 32. Bd7 Kf8 33. Bb5
Qe7 34. Qf1 Rd3 35. Bxc4 Rxc3 36. Bb5 Qc7 37. Qe2 Qe7 38. Qxe7+ Kxe7 39. f4
Rxa3 40. Bc4 Ra4 41. Bd3 Rxb4 42. Bxh7 a5 43. Bc2 a4 44. Bxa4 Rxa4 45. h4 f5
46. Kg2 Kf6 47. Kh3 Ra2 48. h5 g6 49. h6 g5 50. fxg5+ Kxg5 51. h7 Ra8 52. h8=Q
Rxh8+ 53. Kg2 f4 54. gxf4+ Kxf4 55. Kg1 Kf3 56. Kf1 Rh1# 0-1

[Event "Championnat de France des Jeunes - Pous"]
[Site "LA ROCHE SUR YON"]
[Date "2008.04.23"]
[Round "2.6"]
[White "Bellahcene, Bilel"]
[Black "Sire, Armand"]
[Result "1-0"]
[WhiteElo "1685"]
[BlackElo "1520"]
[Annotator "Salaun,Michel"]
[PlyCount "69"]
[EventDate "2008.04.25"]
[EventType "swiss"]
[EventRounds "5"]
[EventCountry "FRA"]

1. e4 e6 2. d4 d5 3. Nc3 c5 4. exd5 exd5 5. Bb5+ Nc6 6. Nf3 Nf6 7. O-O Bg4 8.
Qe1+ Be7 9. Ne5 Bf5 10. Nxc6 bxc6 11. Bxc6+ Nd7 12. Nxd5 Rc8 13. Ba4 Be6 14.
Nxe7 Qxe7 15. dxc5 Rxc5 16. Be3 Rc7 17. Qa5 Rb7 18. Bc5 Qg5 19. Rfe1 Qf5 20.
Bc6 Rb8 21. Qxa7 Rd8 22. Bb6 Ke7 23. Qa3+ Ke8 24. Rad1 f6 25. Bxd8 Kf7 26. Qe7+
Kg6 27. Be4 Rf8 28. Qxe6 Ne5 29. Qxf5+ Kf7 30. Bd5+ Ke8 31. Qe6+ Kxd8 32. Rxe5
fxe5 33. Ba8+ Kc7 34. Qc6+ Kb8 35. Qb7# 1-0

[Event "Championnat de France des Jeunes - Pous"]
[Site "LA ROCHE SUR YON"]
[Date "2008.04.23"]
[Round "2.8"]
[White "Grezels, Florian"]
[Black "Roussel, Glenn"]
[Result "1-0"]
[WhiteElo "1650"]
[BlackElo "1517"]
[Annotator "Salaun,Michel"]
[PlyCount "121"]
[EventDate "2008.04.25"]
[EventType "swiss"]
[EventRounds "5"]
[EventCountry "FRA"]

1. e4 e5 2. Nf3 Nc6 3. Bc4 Bc5 4. d3 Nf6 5. Bg5 h6 6. Bh4 g5 7. Bg3 d6 8. Nc3
Bg4 9. Ne2 Bxf3 10. gxf3 h5 11. h3 Qd7 12. Qd2 Rg8 13. O-O-O O-O-O 14. Rdg1 Rg7
15. Kb1 Rdg8 16. Nc1 Nd4 17. Qd1 Qc6 18. c3 Ne6 19. Qb3 Re8 20. Bb5 Qb6 21.
Bxe8 Nxe8 22. Qxb6 Bxb6 23. h4 gxh4 24. Bxh4 Rxg1 25. Rxg1 Nf4 26. Bg3 Nh3 27.
Rh1 Nxf2 28. Bxf2 Bxf2 29. Rxh5 Kd7 30. Ne2 Ke6 31. Kc2 Nf6 32. Rh2 Be3 33. d4
exd4 34. cxd4 d5 35. Kd3 Bg5 36. e5 Nd7 37. f4 Be7 38. Rf2 f5 39. Rh2 c5 40.
Rh6+ Kf7 41. Ng3 c4+ 42. Kc2 b5 43. e6+ Ke8 44. exd7+ Kxd7 45. Nxf5 Ke8 46.
Nxe7 Kxe7 47. Rh7+ Kf6 48. Rxa7 Kf5 49. Rb7 Kxf4 50. Rxb5 Ke4 51. Kc3 Kf5 52.
Rxd5+ Ke6 53. Re5+ Kd6 54. Kxc4 Kc6 55. Re6+ Kd7 56. Rh6 Kc7 57. Kd5 Kb7 58.
Kc5 Kc8 59. Rh7 Kd8 60. Kd6 Ke8 61. Ra7 1-0

[Event "Championnat de France des Jeunes - Pous"]
[Site "LA ROCHE SUR YON"]
[Date "2008.04.24"]
[Round "3.5"]
[White "Ginovart, Axel"]
[Black "Grezels, Florian"]
[Result "0-1"]
[WhiteElo "1570"]
[BlackElo "1650"]
[Annotator "Salaun,Michel"]
[PlyCount "112"]
[EventDate "2008.04.25"]
[EventType "swiss"]
[EventRounds "5"]
[EventCountry "FRA"]

1. e4 e5 2. Nf3 Nc6 3. Bb5 a6 4. Bc4 Bc5 5. Nc3 d6 6. h3 Be6 7. Bb3 Nf6 8. d3
h6 9. Be3 Ba7 10. d4 exd4 11. Nxd4 Bxd4 12. Bxd4 O-O 13. O-O Re8 14. Re1 Nxd4
15. Qxd4 c5 16. Qd3 Rc8 17. Bxe6 Rxe6 18. Rad1 Qe7 19. Nd5 Nxd5 20. Qxd5 Rd8
21. f4 Re8 22. e5 dxe5 23. fxe5 Rxe5 24. Rxe5 Qxe5 25. Qxb7 Qe3+ 26. Kh1 Qe2
27. Qf3 Qxf3 28. gxf3 Re3 29. Kg2 Re2+ 30. Kf1 Rxc2 31. Rd8+ Kh7 32. Rc8 Rxb2
33. Rxc5 Rxa2 34. Kg1 Kg6 35. h4 Ra4 36. Kg2 Rxh4 37. Rc6+ f6 38. Rxa6 Kg5 39.
Kg3 Rc4 40. Ra7 g6 41. Ra5+ f5 42. f4+ Rxf4 43. Ra6 Rc4 44. Ra3 Kh5 45. Kf3 g5
46. Ra5 Rc3+ 47. Kf2 Kg4 48. Ke2 h5 49. Kf2 f4 50. Ra4 Rc2+ 51. Kg1 Kg3 52.
Ra3+ f3 53. Ra1 h4 54. Rf1 g4 55. Kh1 Kh3 56. Rg1 Rh2# 0-1

[Event "Championnat de France des Jeunes - Pous"]
[Site "LA ROCHE SUR YON"]
[Date "2008.04.23"]
[Round "2.9"]
[White "Carranza, Victor-Gabriel"]
[Black "Froment, Theophile"]
[Result "0-1"]
[WhiteElo "1480"]
[BlackElo "1645"]
[Annotator "Salaun,Michel"]
[PlyCount "96"]
[EventDate "2008.04.25"]
[EventType "swiss"]
[EventRounds "5"]
[EventCountry "FRA"]

1. e4 c5 2. Nf3 d6 3. d4 cxd4 4. Qxd4 Nc6 5. Bb5 Bd7 6. Bxc6 Bxc6 7. Nc3 Nf6 8.
O-O e6 9. Bg5 Be7 10. Rfe1 O-O 11. e5 dxe5 12. Qxd8 Rfxd8 13. Nxe5 Bd5 14. Rad1
h6 15. Bh4 g5 16. Bg3 Bb4 17. Re3 Rac8 18. a3 Bxc3 19. Rxc3 Rxc3 20. bxc3 Rc8
21. c4 Bxc4 22. Nxc4 Rxc4 23. Rd8+ Kg7 24. h3 Rxc2 25. Ra8 a6 26. Ra7 Rb2 27.
Bd6 Rb1+ 28. Kh2 Ne4 29. Bb4 Nxf2 30. Bc3+ Kg6 31. Ra8 Rh1+ 32. Kg3 Ne4+ 33.
Kf3 Nxc3 34. Rg8+ Kf5 35. g4+ Ke5 36. Kg2 Ra1 37. Rc8 Ne4 38. Rc2 Rxa3 39. Rb2
b5 40. Re2 b4 41. h4 b3 42. hxg5 hxg5 43. Kf1 Ra1+ 44. Kg2 Ra2 45. Kf3 Rxe2 46.
Kxe2 b2 47. Kd3 b1=Q+ 48. Kc4 Qb5# 0-1